Таможенное право: учебное пособие для вузов

Dades bibliogràfiques
Autor principal: Кычков В. И. Вячеслав Иванович
Sumari:Учебное пособие подготовлено в соответствии с программой изучения таможенного права. В работе учтены положения международных таможенных конвенций, действующего Таможенного кодекса Таможенного союза, Федерального закона «О таможенном регулировании в Российской Федерации» от 27 ноября 2010 г. № 311-ФЗ, иных федеральных законов и подзаконных нормативных правовых актов, регулирующих отдельные вопросы таможенного регулирования, совершения таможенных операций и проведения таможенного контроля товаров, перемещаемых через таможенную границу Таможенного союза.
Idioma:rus
Publicat: Санкт-Петербург, Интермедия, 2014
Matèries:
Format: MixedMaterials Llibre
KOHA link:https://koha.lib.tpu.ru/cgi-bin/koha/opac-detail.pl?biblionumber=251287

MARC

LEADER 00000nam0a2200000 4500
001 251287
005 20231101232637.0
010 |a 9785438300540 
035 |a (RuTPU)RU\TPU\book\273563 
090 |a 251287 
100 |a 20140220d2014 m y0rusy50 ca 
101 0 |a rus 
102 |a RU 
105 |a y j 001zy 
200 1 |a Таможенное право  |e учебное пособие для вузов  |f В. И. Кычков 
210 |a Санкт-Петербург  |c Интермедия  |d 2014 
215 |a 326 с.  |c ил. 
320 |a Библиогр.: с. 325-326. 
330 |a Учебное пособие подготовлено в соответствии с программой изучения таможенного права. В работе учтены положения международных таможенных конвенций, действующего Таможенного кодекса Таможенного союза, Федерального закона «О таможенном регулировании в Российской Федерации» от 27 ноября 2010 г. № 311-ФЗ, иных федеральных законов и подзаконных нормативных правовых актов, регулирующих отдельные вопросы таможенного регулирования, совершения таможенных операций и проведения таможенного контроля товаров, перемещаемых через таможенную границу Таможенного союза. 
606 1 |a Таможенное право  |2 stltpush  |3 (RuTPU)RU\TPU\subj\69311  |9 84222 
610 1 |a правовые основы 
610 1 |a организационные основы 
610 1 |a таможенное регулирование 
610 1 |a Таможенный союз 
610 1 |a Российская Федерация 
610 1 |a таможенная граница 
610 1 |a товары 
610 1 |a перемещение 
610 1 |a таможенные правоотношения 
610 1 |a таможенные органы 
610 1 |a полномочия 
610 1 |a правовой статус 
610 1 |a таможенные операции 
610 1 |a таможенный контроль 
610 1 |a таможенное декларирование 
610 1 |a учебные пособия 
686 |a Х621.143.1я73  |v LBC/SL-A  |2 rubbk 
700 1 |a Кычков  |b В. И.  |g Вячеслав Иванович 
801 1 |a RU  |b 63413507  |c 20140220 
801 2 |a RU  |b 63413507  |c 20150629  |g RCR 
900 |a Таможенное право России 
942 |c BK 
959 |a 31/20140220  |d 7  |e 550,00  |f ЧЗГЛ:1  |f АНЛ:1  |f УФ:5